00722nam a22001817a 4500003000400000005001700004008004100021020001500062040002000077100003500097245011200132260004000244300002600284942001300310999001500323952009900338952010300437OSt20150722125952.0150722s2006 sp ||||| |||| 00| 0 spa d a8495187906 bcatcCPC Girona1 9938aBorrell i Sabater, Miquel aEscultures a la via pública:b la Cerdanya, la Garrotxa, el Gironès, el Pla de l'Estany, el Ripollès aGironabDiputació de Gironac2006 aVol 1 (191p.)c22cm.  2udccMON c6880d6880 00104070aGIRONAbGIRONAd2015-07-22l0oVa 773pGIRONA15070146r2015-07-22w2015-07-22yMON 00104070aGIRONAbGIRONAd2015-07-22l0oVa 773 (2)pGIRONA15070147r2015-07-22w2015-07-22yMON